|
|
|
|
| LEADER |
01512nam a2200433 a 4500 |
| 001 |
nkc20061661278 |
| 003 |
CZ PrNK |
| 005 |
20060911094958.0 |
| 007 |
ta |
| 008 |
060626s2006 xr g 000 f cze |
| 015 |
|
|
|a cnb001661278
|
| 020 |
|
|
|a 80-242-1660-4
|q (váz.)
|
| 035 |
|
|
|a (OCoLC)51192299
|
| 040 |
|
|
|a OLA001
|b cze
|d BOA001
|
| 041 |
1 |
|
|a cze
|h eng
|
| 072 |
|
7 |
|a 821.111-3
|x Anglická próza, anglicky psaná
|2 Konspekt
|9 25
|
| 080 |
|
|
|a 821.111-31
|2 MRF
|
| 080 |
|
|
|a (0:82-313.1)
|2 MRF
|
| 080 |
|
|
|a (0:82-311.6)
|2 MRF
|
| 100 |
1 |
|
|a Ryan, Patrick,
|d 1916-1989
|7 xx0001240
|4 aut
|
| 245 |
1 |
0 |
|a Jak jsem vyhrál válku /
|c dle vyprávění poručíka Ernesta Goodbodyho zapsal Patrick Ryan ; [přeložil František Vrba]
|
| 250 |
|
|
|a Vyd. 7., V Knižním klubu 3.
|
| 260 |
|
|
|a V Praze :
|b Knižní klub,
|c 2006
|
| 300 |
|
|
|a 284 s. ;
|c 21 cm
|
| 500 |
|
|
|a Přeloženo z angličtiny
|
| 655 |
|
7 |
|a anglické romány
|7 fd131814
|2 czenas
|
| 655 |
|
7 |
|a satirické romány
|7 fd133330
|2 czenas
|
| 655 |
|
7 |
|a válečné romány
|7 fd133831
|2 czenas
|
| 655 |
|
9 |
|a English fiction
|2 eczenas
|
| 655 |
|
9 |
|a satirical novels
|2 eczenas
|
| 655 |
|
9 |
|a war novels
|2 eczenas
|
| 700 |
1 |
|
|a Vrba, František,
|d 1920-1985
|7 jk01150960
|4 trl
|
| 765 |
0 |
|
|t How I won the war
|9 Česky
|
| 910 |
2 |
|
|a BOA001
|b 2-1171.238
|
| 928 |
9 |
|
|a Euromedia Group - Knižní klub
|
| 990 |
|
|
|a BK
|
| 995 |
|
|
|a 01
|
| 991 |
|
|
|b 200607
|
| 996 |
6 |
|
|b 2610285198
|c 2-1171.238
|l MZK
|r Sklad / do 1 hodiny
|n 1
|p p.v.
|w 000820529
|u 000010
|a 1
|e BOA001
|j MZK50
|s P
|